000 00751nam a2200193 a 4500
001 000030361
005 20200930062255.0
008 110511s1996 bo 000 0 spa d
040 _aDO-SdBNP
_bspa
_cBNPHU
082 _axxxx
_bA666b
100 1 _aArboleda de Roa, Lucero
_931310
245 1 3 _aLa búsqueda bibliógrafica /
_cLucero Arboleda de Roa, Manuel de Jesús Roa Santana, Nelly C. Piña.
260 _aLa Paz :
_bOrganización Panamericana de la Salud :
_bOrganización Mundial de la Salud,
_c1996.
300 _a56 p. ;
_c27 cm.
490 1 _aIntroducción a la metodología de la investigación
_vno. 2
504 _aBibliografía : p. 59-60
830 0 _aIntroducción a la metodología de la investigación
_vno. 2
_950438
049 _aBNPD
999 _c29853
_d29853